[Event "Nuremberg Zabo op 23rd"]
[Site "Nuremberg"]
[Date "2023.09.17"]
[Round "4"]
[White "Feldheim, Jonas"]
[Black "Oram, Thomas"]
[Result "1-0"]
[WhiteElo "2080"]
[BlackElo "1714"]
[PlyCount "59"]
[EventDate "2023.09.15"]
[EventType "swiss"]
[EventRounds "5"]
[EventCountry "GER"]
[SourceTitle "EXT 2024"]
[Source "ChessBase"]
[SourceDate "2023.10.10"]
[SourceVersion "1"]
[SourceVersionDate "2023.10.10"]
[SourceQuality "1"]

1. e4 c5 2. Nc3 d6 3. d4 cxd4 4. Qxd4 Bd7 5. b3 Nc6 6. Qd2 e6 7. Bb2 Nf6 8. 0-0-0 Be7 9. Kb1 0-0 10. f4 a6 11. g4 Nxg4 12. Nf3 Qc7 13. Rg1 Nf6 14. e5 Ne8 15. exd6 Bxd6 16. Ne4 Bxf4 17. Qxd7 Rd8 18. Nf6+ Kh8 19. Nxe8 Rfxe8 20. Bxg7+ Kg8 21. Be5+ Kf8 22. Bxc7 Rxd7 23. Rxd7 Bxc7 24. Rxc7 Rd8 25. Bd3 h6 26. Rxb7 a5 27. a4 Nb4 28. Ne5 Nxd3 29. Rxf7+ Ke8 30. Rg8# 1-0

[Event "Nuremberg Zabo op 20th"]
[Site "Nuremberg"]
[Date "2018.09.15"]
[Round "2"]
[White "Mueller, Lothar2222"]
[Black "Oram, Thomas"]
[Result "1-0"]
[WhiteElo "1850"]
[BlackElo "1601"]
[PlyCount "87"]
[EventDate "2018.09.15"]
[EventType "swiss"]
[EventRounds "5"]
[EventCountry "GER"]
[SourceTitle "EXT 2020"]
[Source "ChessBase"]
[SourceDate "2019.10.17"]
[SourceVersion "1"]
[SourceVersionDate "2019.10.17"]
[SourceQuality "1"]

1. d4 Nf6 2. Nf3 g6 3. c4 Bg7 4. Nc3 0-0 5. g3 c6 6. Bg2 d5 7. cxd5 cxd5 8. 0-0 Nc6 9. e3 Bg4 10. h3 Bf5 11. a3 Rc8 12. Bd2 Qb6 13. b4 Bd3 14. Re1 Ne4 15. Nxd5 Qd8 16. Nf4 Ba6 17. Qa4 e5 18. Nxe5 Nxe5 19. Bxe4 Nc4 20. Bc1 Nd6 21. Bg2 Re8 22. Bb2 Nc4 23. Rab1 Nxb2 24. Rxb2 Bxd4 25. Rd2 Rc4 26. Red1 Rxe3 27. Ne2 Rxe2 28. Rxe2 Qf6 29. Qe8+ Kg7 30. b5 Ra4 31. bxa6 Qxa6 32. Bf1 b5 33. Red2 Bc5 34. Bxb5 Re4 35. Qxe4 Qxb5 36. a4 Qb8 37. Kg2 f5 38. Rd7+ Kf6 39. Qd5 Bb6 40. h4 g5 41. Rf7+ Kg6 42. Qe6+ Kh5 43. Rxh7+ Kg4 44. f3# 1-0

[Event "Nuremberg Zabo op 14th"]
[Site "Nuremberg"]
[Date "2012.09.16"]
[Round "5"]
[White "Oram, Thomas"]
[Black "Ott, Hans1111"]
[Result "0-1"]
[WhiteElo "1446"]
[BlackElo "1696"]
[PlyCount "62"]
[EventDate "2012.09.14"]
[EventType "swiss"]
[EventRounds "5"]
[EventCountry "GER"]
[SourceTitle "EXT 2018"]
[Source "ChessBase"]
[SourceDate "2017.10.13"]
[SourceVersion "1"]
[SourceVersionDate "2017.10.13"]
[SourceQuality "1"]

1. e4 c5 2. Nf3 Nc6 3. d4 cxd4 4. Nxd4 Nf6 5. Nc3 a6 6. h3 d6 7. Bc4 e6 8. 0-0 Qc7 9. Bb3 b5 10. a3 Bb7 11. Re1 Be7 12. Bf4 Nxd4 13. e5 Qc6 14. f3 dxe5 15. Bxe5 Nxb3 16. cxb3 0-0 17. Qd2 Rfd8 18. Qg5 h6 19. Qg3 Nh5 20. Qg4 Nf6 21. Qg3 Qb6+ 22. Kh1 Bd6 23. Ne4 Bxe4 24. fxe4 Bxe5 25. Qxe5 Rd2 26. Qc3 Qf2 27. Rg1 Nxe4 28. Qc6 Rad8 29. Qxe4 R8d3 30. Rac1 Rxh3+ 31. gxh3 Qh2# 0-1